000 00515nab a2200145Ia 4500
003 ES-SlBCS
005 20210601143638.0
008 140529s2002 xxu||||| |||| 00| 0 spa d
041 _aspa
100 1 _aValero Lumbreras, Ángel
_9290791
245 0 0 _aLa epistemología social, un programa de colaboración entre la filosofía y la sociología de la ciencia
_c Ángel Valero Lumbreras
650 0 4 _aEpistemología Social
_9133073
773 0 _tPaideia
_gvol. 23, nº. 60, 2002, págs. 213-228
_wRev1318
942 _cAR
999 _c695541
_d695541